Welcome to CU Library Online Public Access Catalogue (OPAC)

The parables : (Record no. 6300)

MARC details
000 -LEADER
fixed length control field 00768pam a2200205 a 4500
001 - CONTROL NUMBER
control field 725525
005 - DATE AND TIME OF LATEST TRANSACTION
control field 20250605113431.0
008 - FIXED-LENGTH DATA ELEMENTS--GENERAL INFORMATION
fixed length control field 980326s1998 mau b 001 0deng
020 ## - INTERNATIONAL STANDARD BOOK NUMBER
International Standard Book Number 1565632443 (pbk.)
050 00 - LIBRARY OF CONGRESS CALL NUMBER
Classification number BT375.2
Item number .Y67 1998
082 00 - DEWEY DECIMAL CLASSIFICATION NUMBER
Classification number 226.8/06
Edition information 21
100 1# - MAIN ENTRY--PERSONAL NAME
Personal name Young, Brad,
Dates associated with a name 1955-
245 14 - TITLE STATEMENT
Title The parables :
Remainder of title Jewish tradition and Christian interpretation /
Statement of responsibility, etc. Brad H. Young.
260 ## - PUBLICATION, DISTRIBUTION, ETC.
Place of publication, distribution, etc. Peabody, Mass :
Name of publisher, distributor, etc. Hendrickson,
Date of publication, distribution, etc. c1998.
300 ## - PHYSICAL DESCRIPTION
Extent xv, 332 p. ;
Dimensions 25 cm.
650 #0 - SUBJECT ADDED ENTRY--TOPICAL TERM
Topical term or geographic name entry element Parables in rabbinical literature.
856 42 - ELECTRONIC LOCATION AND ACCESS
Materials specified Publisher description
Uniform Resource Identifier <a href="http://www.loc.gov/catdir/description/hend021/98017098.html">http://www.loc.gov/catdir/description/hend021/98017098.html</a>
856 42 - ELECTRONIC LOCATION AND ACCESS
Materials specified Contributor biographical information
Uniform Resource Identifier <a href="http://www.loc.gov/catdir/enhancements/fy0706/98017098-b.html">http://www.loc.gov/catdir/enhancements/fy0706/98017098-b.html</a>
942 ## - ADDED ENTRY ELEMENTS (KOHA)
Source of classification or shelving scheme Library of Congress Classification
Koha item type Books
Suppress in OPAC No
999 ## -
-- 6300
-- 6300
Holdings
Withdrawn status Lost status Source of classification or shelving scheme Damaged status Not for loan Collection Home library Current library Shelving location Date acquired Total checkouts Full call number Barcode Date last seen Copy number Price effective from Koha item type
    Library of Congress Classification     Non-fiction Undergraduate Library (Christ Temple) Undergraduate Library (Christ Temple) General stacks 06/05/2025   BT375.2 YOU ulct00003042 06/05/2025 1 06/05/2025 Books
    Library of Congress Classification     Non-fiction Undergraduate Library (Christ Temple) Undergraduate Library (Christ Temple) General stacks 06/05/2025   BT375.2 YOU ulct00003043 06/05/2025 2 06/05/2025 Books
© 2023-2024 Copyright: Central University Libraries. All Rights Reserved | Created by: Mahone Tech Office